Republics of the USSR by Flag-Shape - Statistics

General Stats
  • This quiz has been taken 165 times
  • The average score is 14 of 15
Answer Stats
Picture Answer % Correct
Byelorussian SSR
95%
Lithuanian SSR
95%
Moldavian SSR
95%
Russian SFSR
95%
Ukrainian SSR
94%
Uzbek SSR
93%
Armenian SSR
92%
Azerbaijani SSR
91%
Kazakh SSR
90%
Latvian SSR
90%
Tajik SSR
90%
Georgian SSR
89%
Turkmen SSR
89%
Estonian SSR
88%
Kirghiz SSR
84%
No matching quizzes found
Score Distribution
Percent of People with Each Score
Percentile by Number Answered
Your Score History
You have not taken this quiz